| 000 | 02784cam a22004934i 4500 | ||
|---|---|---|---|
| 003 | PE-LiUPU | ||
| 005 | 20250731173333.0 | ||
| 008 | 150616s1978 ag rb 000 0 spa d | ||
| 020 | _a0311420532 | ||
| 035 | _a(Sirsi) i9780311420537 | ||
| 040 |
_aPE-LiUPU _bspa _cPE-LiUPU _erda |
||
| 082 | 0 | 4 |
_a252 _bD31 _221 |
| 082 | 0 | 4 |
_a252 _bD31 1978 |
| 100 | 1 |
_aDeiros, Pablo Alberto, _eautor. |
|
| 245 | 1 | 0 |
_aFiguras de Plata : _b1052 citas de 471 autores famosos sobre 200 asuntos de interés cristiano / _cPablo Alberto Deiros. |
| 264 | 1 |
_aBuenos Aires : _bEditorial Mundo Hispano, _c1978]. |
|
| 300 |
_a194 páginas ; _c19 centímetros |
||
| 336 |
_atext _2rdacontent |
||
| 337 |
_aunmediated _2rdamedia |
||
| 338 |
_avolume _2rdacarrier |
||
| 505 | 0 | _aAbnegación -- Acción -- Adolescencia -- Adoración -- Adulación -- Adversidad -- Aflicción -- Alabanza -- Alcoholismo -- Alegría -- Alma -- Altruísmo -- Ambición -- Amistad -- Amor -- Ansiedad -- Apostasía -- Arrepentimiento -- Ateísmo -- Avaricia -- Avivamiento -- Bautismo -- Bautistas -- Biblia -- Bondad -- Calumnia -- Carácter -- Caridad -- Castigo -- Celos -- Cena del Señor -- Ciencia -- Civilización -- Codicia -- Comprensión -- Comunión -- Conciencia -- Conducta -- Cofesión -- Conocimiento -- Consagración -- Consejo -- Conversión -- Convicción -- Corazón -- Cristianismo -- Cristiano -- Cristo -- Crítica -- Cruz -- Culpa -- Culto -- Deber -- Democracia -- Devoción -- Día del señor -- Dios -- Doctrina -- Dones -- Duda -- Ecumenismo -- Educación -- Egoísmo -- Elección -- Encarnación -- Enfermedad -- Envidia -- Esperanza. | |
| 526 | _aSEG42 | ||
| 526 | _aSEG41 | ||
| 526 | _aSEG40 | ||
| 526 | _aSEG39 | ||
| 526 | _aP94 | ||
| 526 | _aP87 | ||
| 526 | _aP86 | ||
| 526 | _aP85 | ||
| 526 | _aP77 | ||
| 526 | _aP76 | ||
| 526 | _aP35 | ||
| 650 | 0 | 4 | _aHomilética. |
| 910 |
_ajck _bjvq _cjck |
||
| 942 |
_2ddc _cBOOK |
||
| 949 |
_a252 D31 _wDEWEY _c1 _i27887 _d2016-11-3 _e2016-11-3 _lCCODEBUL1 _mBUL _n1 _r0 _sY _tBOOK _u2015-4-23 _xTEOLOGIA _zUNKNOWN _0COMPRA _o.STAFF. Colección General |
||
| 949 |
_a252 D31 1978 _wDEWEY _c1 _iFT01276 _lCCODEBUT1 _mBUL _p{dolar}10.00 _r0 _sY _tBOOK _u2015-11-10 _xBIBLIOTECA _zUNKNOWN _0DONACION _o.STAFF. Colección General Tarapoto |
||
| 994 |
_aC0 _bPEPRU |
||
| 596 | _a1 2 | ||
| 999 |
_a252 D31 _wDEWEY _c48538 _i27887 _d48538 _e2016-11-3 _f2021-11-12 _g5 _lCCODEBUL1 _mBUL _n1 _r0 _sY _tBOOK _u2015-4-23 _xTEOLOGIA _zUNKNOWN _0COMPRA _o.STAFF. Colección General |
||
| 999 |
_a252 D31 1978 _wDEWEY _c1 _iFT01276 _f2019-2-20 _g1 _lCCODEBUT1 _mBUT _r0 _sY _tBOOK _u2018-7-4 _xBIBLIOTECA _zUNKNOWN _0DONACION _o.STAFF. Colección General Tarapoto |
||
| 980 |
_81 _gALBERTO SANCHEZ Responsable de Automatización |
||